000 02385cam a2200289 4500500
005 20260524000935.0
041 _afre
042 _adc
100 1 0 _aBérard, Jean
_eauthor
245 0 0 _aLa défense de la nature et le champ du pouvoir
260 _c2024.
500 _a17
520 _aL’article étudie les politiques environnementales mises en place dans les premières années de l’alternance de 1981 à travers l’évolution du droit de l’environnement, au double sens du droit positif, inscrit dans un ensemble de normes et de jurisprudences, et de sa mise en discussion dans la doctrine juridique. Il montre la manière dont les juristes spécialisés poursuivent la structuration d’un espace d’avant-garde dans le champ juridique et la formulation d’une doctrine sur ce que devraient être les normes de protection de la nature. Leurs espoirs de réforme sont déçus et ils s’affrontent à la pression mise sur les normes environnementales au nom de la croissance et de la compétitivité, de manière accrue après le tournant de la rigueur.
520 _aThis article investigates the environmental policies implemented in the early years of the Mitterrand socialist government (1981-1986) through the evolution of environmental law, examined from the two-fold perspective of positive law, enshrined in a body of legal texts and case law, and its examination in legal doctrine. It shows how specialized legal experts attempted to structure an avant-garde space in the legal field and to elaborate a doctrine on what laws for nature protection should look like. Their hopes for reform were dashed, however, and they were forced to contend with the pressure put on environmental laws in the name of growth and competitiveness, even more so after the emergence of austerity measures.
690 _achamp du pouvoir
690 _adroit de l’environnement
690 _aécologie politique
690 _aFrançois Mitterrand
690 _aParti socialiste
690 _aenvironmental law
690 _afield of power
690 _aFrançois Mitterrand
690 _apolitical ecology
690 _aSocialist Party
786 0 _n20 & 21. Revue d'histoire | 159 | 3 | 2024-04-16 | p. 45-59 | 2649-664X
856 4 1 _uhttps://shs.cairn.info/revue-vingt-et-vingt-et-un-revue-d-histoire-2023-3-page-45?lang=fr&redirect-ssocas=7080
999 _c2254336
_d2254336